Dernier carré open Australie semi finalist 2010-2022 - Statistiques

Statistiques générales
  • Ce quiz a été pris 200 fois
  • Le résultat moyen est 47 sur 56
Statistiques - réponses
*Année stade de la
compétition
Joueur % Correct
2023 vainqueur Djokovic
100%
2021 vainqueur Djokovic
100%
2020 vainqueur Djokovic
100%
2019 vainqueur Djokovic
100%
2016 vainqueur Djokovic
100%
2015 vainqueur Djokovic
100%
2013 vainqueur Djokovic
100%
2012 vainqueur Djokovic
100%
2011 vainqueur Djokovic
100%
2022 vainqueur Nadal
100%
2019 finaliste Nadal
100%
2017 finaliste Nadal
100%
2014 finaliste Nadal
100%
2012 finaliste Nadal
100%
2020 demi finaliste Federer
99%
2018 vainqueur Federer
99%
2017 vainqueur Federer
99%
2016 demi finaliste Federer
99%
2014 demi finaliste Federer
99%
2013 demi finaliste Federer
99%
2012 demi finaliste Federer
99%
2011 demi finaliste Federer
99%
2010 vainqueur Federer
99%
2022 finaliste Medvedev
92%
2021 finaliste Medvedev
92%
2016 finaliste Murray
92%
2015 finaliste Murray
92%
2013 finaliste Murray
92%
2012 demi finaliste Murray
92%
2011 finaliste Murray
92%
2010 finaliste Murray
92%
2017 demi finaliste Wawrinka
92%
2015 demi finaliste Wawrinka
92%
2014 vainqueur Wawrinka
92%
2023 finaliste Tsitsipas
91%
2022 demi finaliste Tsitsipas
91%
2021 demi finaliste Tsitsipas
91%
2019 demi finaliste Tsitsipas
91%
2010 demi finaliste Tsonga
89%
2020 demi finaliste Zverev
89%
2020 finaliste Thiem
85%
2018 finaliste Cilic
83%
2010 demi finaliste Cilic
83%
2013 demi finaliste Ferrer
69%
2011 demi finaliste Ferrer
69%
2015 demi finaliste Berdych
65%
2014 demi finaliste Berdych
65%
2017 demi finaliste Dimitrov
61%
2016 demi finaliste Raonic
56%
2022 demi finaliste Berrettini
53%
2023 demi finaliste Khachanov
47%
2019 demi finaliste Pouille
47%
2023 demi finaliste Paul
40%
2021 demi finaliste Karatsev
23%
2018 demi finaliste Hyeon
16%
2018 demi finaliste Edmund
15%
Aucun quiz correspondant
Distribution des résultats
% des personnes avec chaque résultat
Percentile par nombre de réponses
Votre historique - résultats
Vous n’avez pas pris ce quiz